Most Spoken Non-English Languages in Texas - Statistics

General Stats
  • This quiz has been taken 123 times
  • The average score is 8 of 10
Answer Stats
Number of Speakers Language % Correct
6.9 million Spanish
100%
61k French
94%
141k Chinese
91%
69k German
89%
60k Hindi
82%
56k Korean
79%
55k Arabic
78%
193k Vietnamese
74%
72k Tagalog
64%
58k Urdu
44%
No matching quizzes found
Score Distribution
Percent of People with Each Score
Percentile by Number Answered
Your Score History
You have not taken this quiz